000 00609nam a22001697a 4500
003 OSt
005 20220107122809.0
008 160317b xxu||||| |||| 00| 0 eng d
040 _c
100 _aAnna Roselu Joseph (93613005)
_98548
245 _aPort Scanner - A method for prevention of advanced persistent threats
502 _bMaster of Science in Computer Science and Information security
_c2013-2015
_dEXT
_eK Pradeep Kumar
_fAnil Prabhakar (Professor)
_g"IIT- Madras"
650 _aINTERNET TOPOLOGY
_98549
650 _aINTERNET PROTOCOL
_98550
650 _aINFORMATION SECURITY
_98551
942 _2ddc
_cPR
999 _c5000
_d5000